| 000 | 00824nam a22002057a 4500 | ||
|---|---|---|---|
| 999 |
_c58984 _d58984 |
||
| 003 | Ge_BSU | ||
| 005 | 20221027120655.0 | ||
| 008 | 221027s2002 ge ||||| |||| 00| 0 geo d | ||
| 020 | _a999289329X | ||
| 041 | _ageo | ||
| 080 | _a330.34 ლ-42 | ||
| 100 |
_aლემონჯავა, პარმენ _915576 |
||
| 245 |
_aეკონომიკური განვითარების პრობლემები / _c[რედ.: რ. ქუტიძე]. |
||
| 264 |
_aთბილისი : _b[ინოვაცია], _c2009. |
||
| 300 |
_a27 გვ. ; _b 20 სმ. |
||
| 504 | _aბიბლიოგრ.: გვ. 24. | ||
| 653 | _aეკონომიკური განვითარება | ||
| 700 |
_aქუტიძე, რ. _eრედაქტორი _915577 |
||
| 942 |
_2udc _cBK |
||